| 000 | 01560nam a2200469 i 4500 | ||
|---|---|---|---|
| 001 | 15240 | ||
| 003 | KOSZ 005 | ||
| 005 | 20200623124343.0 | ||
| 008 | 200406s1973 pl a f 001 0 pol | ||
| 015 | _aUWD 1973/1244 | ||
| 035 | _a991032353969705066 | ||
| 035 | _a(PL-WaBN)b1868337x-48omnis_nlop | ||
| 035 | _ab1868337x | ||
| 035 | _a(OCoLC)838933083 | ||
| 035 | _a(PL)b0000001868337 | ||
| 035 | _a(EXLNZ-48OMNIS_NETWORK)9910298571905606 | ||
| 040 |
_aWA N _cWA N _dKOSZ 005/RW |
||
| 046 | _k1973 | ||
| 080 | _a544.18:547 | ||
| 100 | 1 |
_aGołębiewski, Alojzy _d(1927-1987) _eAutor |
|
| 245 | 1 | 0 |
_aChemia kwantowa związków organicznych / _cAlojzy Gołębiewski. |
| 260 |
_aWarszawa : _bPaństwowe Wydawnictwo Naukowe, _c1973. |
||
| 300 |
_a416 stron : _bilustracje, errata ; _c22 cm. |
||
| 336 |
_aTekst _btxt _2rdacontent |
||
| 337 |
_aBez urządzenia pośredniczącego _bn _2rdamedia |
||
| 338 |
_aWolumin _bnc _2rdacarrier |
||
| 380 | _aKsiążki | ||
| 380 | _aPublikacje naukowe | ||
| 380 | _aPublikacje dydaktyczne | ||
| 388 | _a1901-2000 | ||
| 388 | _a1945-1989 | ||
| 504 | _aBibliografia przy rozdziałach. Indeks. | ||
| 650 | 7 |
_aChemia kwantowa _2DBN |
|
| 650 | 7 | _aZwiązki organiczne | |
| 650 | 7 | _aWiązanie chemiczne | |
| 655 | 7 | _aPodręcznik | |
| 658 | _aChemia | ||
| 710 | 2 |
_aPaństwowe Wydawnictwo Naukowe _4pbl |
|
| 856 |
_uhttp://koha.tu.koszalin.pl/cgi-bin/koha/opac-detail.pl?biblionumber=15240 _yKatalog online BPK |
||
| 942 |
_2UKD _cKS |
||
| 999 |
_c15240 _d15240 |
||